000 00391 a2200169 4500
001 69518
020 _a8528104168
040 _cAnchieta - Itaigara
100 _aTorres, Marcos Ribeiro
240 1 0 _aMenino brinca de boneca?
_lpor
245 1 0 _aMenino brinca de boneca?
300 _a58
362 0 _a2001
440 1 _aSalamandra
650 4 _aLiteratura infanto-juvenil
942 _cBK
999 _c69518
_d69518